A békés-megyei cigányság beilleszkedése a társadalmi munkamegosztásba a 80-as évekig
Elmentve itt :
| Szerző: | |
|---|---|
| További közreműködők: | |
| Dokumentumtípus: | Szakdolgozat |
| Megjelent: |
1998
|
| Tárgyszavak: | |
| Online Access: | http://diploma.bibl.u-szeged.hu/24663 |
| LEADER | 00597nta a2200157 i 4500 | ||
|---|---|---|---|
| 001 | dipl24663 | ||
| 005 | 20130314082839.0 | ||
| 008 | 110823s1998 hu om 0|| zxx d | ||
| 040 | |a SZTE Diploma Repozitórium |b hun | ||
| 041 | |a zxx | ||
| 100 | 1 | |a Gulyás Lajos | |
| 245 | 1 | 2 | |a A békés-megyei cigányság beilleszkedése a társadalmi munkamegosztásba a 80-as évekig |h [elektronikus dokumentum] / |c Lajos Gulyás |
| 260 | |c 1998 | ||
| 650 | 4 | |a Jogi és igazgatási tanulmányok | |
| 700 | 1 | |a Feleky Gábor |e ths | |
| 856 | 4 | 0 | |u http://diploma.bibl.u-szeged.hu/id/eprint/24663/1/1998_gulyas_lajos.pdf |z Dokumentum-elérés |